[Event "Quebec-ch U20 Girls"]
[Site "Montreal"]
[Date "2016.02.14"]
[Round "4.2"]
[White "Kuleshova, Julia"]
[Black "Gao, Catherine"]
[Result "1-0"]
[WhiteElo "1534"]
[BlackElo "1384"]
[PlyCount "43"]
[EventDate "2016.02.12"]
[EventType "tourn"]
[EventRounds "5"]
[EventCountry "CAN"]
[SourceTitle "EXT 2022"]
[Source "ChessBase"]
[SourceDate "2021.10.06"]
[SourceVersion "1"]
[SourceVersionDate "2021.10.06"]
[SourceQuality "1"]

1. e4 e5 2. Nf3 Nc6 3. Bb5 a6 4. Ba4 b5 5. Bb3 Nf6 6. d3 Be7 7. 0-0 0-0 8. Re1 Bb7 9. Nbd2 a5 10. c3 b4 11. Nf1 Ba6 12. Ng3 bxc3 13. bxc3 Qb8 14. Nf5 Bd8 15. d4 d6 16. Rb1 Qa7 17. dxe5 Nxe5 18. Nxe5 dxe5 19. Be3 c5 20. Qd6 Nxe4 21. Qxe5 Bb7 22. Qxg7# 1-0

[Event "Quebec-ch U10"]
[Site "Montreal"]
[Date "2012.11.23"]
[Round "1"]
[White "Ouellet, Maili Jade"]
[Black "Gao, Catherine"]
[Result "1-0"]
[WhiteElo "1390"]
[BlackElo "993"]
[PlyCount "110"]
[EventDate "2012.11.23"]
[EventType "swiss"]
[EventRounds "5"]
[EventCountry "CAN"]
[SourceTitle "EXT 2022"]
[Source "ChessBase"]
[SourceDate "2021.10.06"]
[SourceVersion "1"]
[SourceVersionDate "2021.10.06"]
[SourceQuality "1"]

1. d4 d5 2. c4 e6 3. Nc3 Nf6 4. Bg5 Be7 5. e3 c5 6. cxd5 exd5 7. dxc5 Be6 8. Bb5+ Nc6 9. Nf3 0-0 10. Qa4 Rc8 11. Bxc6 bxc6 12. Qxa7 Ra8 13. Qb6 Qd7 14. Ne5 Qa7 15. Qxa7 Rxa7 16. Nxc6 Rc7 17. Nxe7+ Rxe7 18. Bxf6 gxf6 19. Rd1 Rd8 20. e4 d4 21. a3 Kh8 22. b4 Ree8 23. Nb5 Bb3 24. Rxd4 Rxd4 25. Nxd4 Rxe4+ 26. Ne2 Bc4 27. 0-0 Rxe2 28. Ra1 Ba6 29. f3 Kg7 30. a4 Bc8 31. b5 Rb2 32. h3 f5 33. f4 Kf6 34. Kh2 Be6 35. Rd1 Rb4 36. Ra1 Rxf4 37. c6 Rc4 38. a5 Rc2 39. Rd1 Ra2 40. c7 Rxa5 41. Rd6 Ke7 42. Rxe6+ fxe6 43. c8Q Rxb5 44. Qc7+ Kf6 45. Qc4 Rb7 46. Qd4+ Kf7 47. Qh4 Kg6 48. Qc4 Kf6 49. Qc8 Ra7 50. Qh8+ Rg7 51. h4 e5 52. h5 Kf7 53. h6 Rg5 54. Qxe5 Rh5+ 55. Kg1 Kg6 1-0

[Event "CAN-ch U10 Girls"]
[Site "Richmond Hill"]
[Date "2011.07.08"]
[Round "6"]
[White "Zhou, Lily"]
[Black "Gao, Catherine"]
[Result "1-0"]
[WhiteElo "722"]
[BlackElo "956"]
[PlyCount "81"]
[EventDate "2011.07.06"]
[EventType "swiss"]
[EventRounds "7"]
[EventCountry "CAN"]
[SourceTitle "EXT 2022"]
[Source "ChessBase"]
[SourceDate "2021.10.06"]
[SourceVersion "1"]
[SourceVersionDate "2021.10.06"]
[SourceQuality "1"]

1. d4 d5 2. c4 e6 3. Nc3 Bb4 4. Bd2 Nf6 5. Nf3 0-0 6. e3 c5 7. Bd3 Nc6 8. 0-0 Bd7 9. a3 Bxc3 10. Bxc3 b6 11. Qc2 Qc7 12. Ne5 Rad8 13. Qe2 h6 14. Bc2 g6 15. Nxc6 Bxc6 16. dxc5 bxc5 17. Bxf6 Rb8 18. cxd5 Bxd5 19. Qg4 Kh7 20. Qh5 Bb7 21. Bg5 Rh8 22. Bxh6 Qc6 23. f3 Ba8 24. Bf4+ Kg8 25. Qg5 Rc8 26. Bxg6 Kf8 27. Qf6 Qd7 28. Qxh8+ Ke7 29. Qh4+ Kf8 30. Qh6+ Ke7 31. Bg5+ f6 32. Qg7+ Kd8 33. Bxf6+ Kc7 34. Be5+ Kc6 35. Be4+ Kb6 36. Qxd7 Bxe4 37. Qxc8 Bb7 38. Qc7+ Ka6 39. Qd6+ Kb5 40. a4+ Ka5 41. Bc3# 1-0

[Event "CAN-ch U08 Girls playoff"]
[Site "Windsor"]
[Date "2010.07.09"]
[Round "1"]
[White "Birarov, Nicole"]
[Black "Gao, Catherine"]
[Result "1-0"]
[WhiteElo "883"]
[BlackElo "956"]
[PlyCount "43"]
[EventDate "2010.07.09"]
[EventType "match"]
[EventRounds "1"]
[EventCountry "CAN"]
[SourceTitle "EXT 2012"]
[Source "ChessBase"]
[SourceDate "2011.11.24"]
[SourceVersion "1"]
[SourceVersionDate "2011.11.24"]
[SourceQuality "1"]

1. e4 e5 2. Nf3 Nc6 3. Bc4 Nf6 4. 0-0 Bc5 5. d4 exd4 6. e5 Ne4 7. Re1 d5 8. exd6 Bf5 9. Nbd2 Bb4 10. c3 dxc3 11. Nxe4 cxb2 12. Nc3+ Be6 13. Bxb2 Bxd6 14. Bxe6 0-0 15. Bb3 Qd7 16. Nd5 Na5 17. Bc2 c6 18. Nc3 Qc7 19. Ne4 Nc4 20. Qd3 Nxb2 21. Nf6+ gxf6 22. Qxh7# 1-0